<?xml version="1.0" encoding="UTF-8"?><?xml-stylesheet type="text/xsl" href="static/style.xsl"?><OAI-PMH xmlns="http://www.openarchives.org/OAI/2.0/" xmlns:xsi="http://www.w3.org/2001/XMLSchema-instance" xsi:schemaLocation="http://www.openarchives.org/OAI/2.0/ http://www.openarchives.org/OAI/2.0/OAI-PMH.xsd"><responseDate>2026-04-17T05:53:27Z</responseDate><request verb="GetRecord" identifier="oai:www.recercat.cat:10256/17211" metadataPrefix="marc">https://recercat.cat/oai/request</request><GetRecord><record><header><identifier>oai:recercat.cat:10256/17211</identifier><datestamp>2024-06-18T14:34:31Z</datestamp><setSpec>com_2072_452955</setSpec><setSpec>com_2072_2054</setSpec><setSpec>col_2072_452959</setSpec></header><metadata><record xmlns="http://www.loc.gov/MARC21/slim" xmlns:dcterms="http://purl.org/dc/terms/" xmlns:xsi="http://www.w3.org/2001/XMLSchema-instance" xmlns:doc="http://www.lyncode.com/xoai" xsi:schemaLocation="http://www.loc.gov/MARC21/slim http://www.loc.gov/standards/marcxml/schema/MARC21slim.xsd">
   <leader>00925njm 22002777a 4500</leader>
   <datafield ind2=" " ind1=" " tag="042">
      <subfield code="a">dc</subfield>
   </datafield>
   <datafield ind2=" " ind1=" " tag="720">
      <subfield code="a">Gionchetta, Giulia</subfield>
      <subfield code="e">author</subfield>
   </datafield>
   <datafield ind2=" " ind1=" " tag="720">
      <subfield code="a">Romaní i Cornet, Anna M.</subfield>
      <subfield code="e">author</subfield>
   </datafield>
   <datafield ind2=" " ind1=" " tag="720">
      <subfield code="a">Oliva Cuyás, Francesc</subfield>
      <subfield code="e">author</subfield>
   </datafield>
   <datafield ind2=" " ind1=" " tag="720">
      <subfield code="a">Artigas Alejo, Joan</subfield>
      <subfield code="e">author</subfield>
   </datafield>
   <datafield ind2=" " ind1=" " tag="260">
      <subfield code="c">2019-09-18</subfield>
   </datafield>
   <datafield ind2=" " ind1=" " tag="520">
      <subfield code="a">Stream microbes that occur in the Mediterranean Basin have been shown to possess heightened sensitivity to intensified water stress attributed to climate change. Here, we investigate the effects of long-term drought (150 days), storms and rewetting (7 days) on the diversity and composition of archaea, bacteria and fungi inhabiting intermittent streambed sediment (surface and hyporheic) and buried leaves. Hydrological alterations modified the archaeal community composition more than the bacterial community composition, whereas fungi were the least affected. Throughout the experiment, archaeal communities colonizing sediments showed greater phylogenetic distances compared to those of bacteria and fungi, suggesting considerable adaptation to severe hydrological disturbances. The increase in the class abundances, such as those of Thermoplasmata within archaea and of Actinobacteria and Bacilli within bacteria, revealed signs of transitioning to a drought-favoured and soil-like community composition. Strikingly, we found that in comparison to the drying phase, water return (as sporadic storms and rewetting) led to larger shifts in the surface microbial community composition and diversity. In addition, microhabitat characteristics, such as the greater capacity of the hyporheic zone to maintain/conserve moisture, tended to modulate the ability of certain microbes (e.g., bacteria) to cope with severe hydrological disturbances</subfield>
   </datafield>
   <datafield ind2=" " ind1=" " tag="520">
      <subfield code="a">Giulia Gionchetta was awarded a grant (UdG 2016) from the University of Girona. This&#xd;
study was supported by the Spanish Ministry of Economy and Competitiveness through the project FUNSTREAM (CGL2014-58760-C3-R); by the Economy and Knowledge Department of the Catalan Government, through Grant/Award Number: 2014 SGR 484; and through the Short-Term Scientific Mission (STSM) Grant awarded by the Science and Management of Intermittent Rivers and Ephemeral Streams (SMIRES) Cost-Action (Action number: 40271). This study was also partially supported by project BIGLY (ANR-16-CE32-0001) and the project DryHarshSal (RTI2018-097950-B-C21) of the Spanish Ministry of Science, Innovation and Universities</subfield>
   </datafield>
   <datafield ind1="8" ind2=" " tag="024">
      <subfield code="a">http://hdl.handle.net/10256/17211</subfield>
   </datafield>
   <datafield tag="653" ind2=" " ind1=" ">
      <subfield code="a">Ecologia microbiana</subfield>
   </datafield>
   <datafield tag="653" ind2=" " ind1=" ">
      <subfield code="a">Microbial ecology</subfield>
   </datafield>
   <datafield tag="653" ind2=" " ind1=" ">
      <subfield code="a">Hidrologia</subfield>
   </datafield>
   <datafield tag="653" ind2=" " ind1=" ">
      <subfield code="a">Hydrology</subfield>
   </datafield>
   <datafield ind2="0" ind1="0" tag="245">
      <subfield code="a">Distinct responses from bacterial, archaeal and fungal streambed communities to severe hydrological disturbances</subfield>
   </datafield>
</record></metadata></record></GetRecord></OAI-PMH>